logo

Bir Sreshtho Munshi Abdur Rouf Library
Jhenaidah Cadet College

Industry in Britain / (Record no. 9959)

MARC details
000 -LEADER
fixed length control field 00508nam a2200217 a 4500
001 - CONTROL NUMBER
JCCL Control Number 9959
003 - CONTROL NUMBER IDENTIFIER
JCCL marc code BD-JhCC
005 - DATE AND TIME OF LATEST TRANSACTION
control field 20180403194242.0
008 - FIXED-LENGTH DATA ELEMENTS--GENERAL INFORMATION
fixed length control field 180403b e |||| ||a| 00| 0 eng d
035 ## - SYSTEM CONTROL NUMBER
system control number (BD-JhCC) 9959
040 ## - CATALOGING SOURCE
Original cataloging agency BD-JhCC
Modifying agency BD-JhCC
041 ## - LANGUAGE CODE
Language code of Book eng
082 ## - DEWEY DECIMAL CLASSIFICATION NUMBER
Classification number 914.2
Author mark and Year HER
100 ## - MAIN ENTRY--PERSONAL NAME
Personal name Herdman, T
245 ## - TITLE STATEMENT
Title Industry in Britain /
Statement of responsibility, etc T Herdman
260 ## - PUBLICATION, DISTRIBUTION, ETC. (IMPRINT)
Place of publication, distribution, etc Britain :
Name of publisher, distributor, etc Longmans,
300 ## - PHYSICAL DESCRIPTION
Pagination 40 p .:
Dimensions 22 cm .
650 ## - SUBJECT ADDED ENTRY--TOPICAL TERM
Topical term or geographic name as entry element Great Britain
942 ## - ADDED ENTRY ELEMENTS (KOHA)
Source of classification or shelving scheme Dewey Decimal Classification
Koha item type Books
Holdings
Source of classification or shelving scheme Damaged status Not for loan Home library Current library Shelving location Date of accession Total Checkouts Full call number Barcode Date last seen Copy number Koha item type
Dewey Decimal Classification     JCC Rouf Library JCC Rouf Library General Stacks 04/03/2018   914.2 HER 12611 04/03/2018 C-1 Books

JCC Library | Contacts | JCC Home

Last Update on 23 September 2017
Copyright @ 2017-2020 JCC Rouf Library
Rouf Library, Jhenidah Cadet College (JCC), Bangladesh